[Event "DVM 2008 U20"]
[Site "Arendsee"]
[Date "2008.12.29"]
[Round "5.1"]
[Board "1"]
[White "Mazarov, Jürgen"]
[Black "Bracker, Frank"]
[Result "0-1"]
[WhiteElo "2139"]
[BlackElo "2222"]
[WhiteTeam "SG Bochum 1931"]
[BlackTeam "Hamburger SK von 1830"]

1. e4 c5 2. Nf3 d6 3. d4 cxd4 4. Nxd4 Nf6 5. Nc3 a6 6. Bg5 e6 7. f4 h6 8. Bh4
Be7 9. Qf3 Qc7 10. O-O-O Nbd7 11. g4 g5 12. fxg5 Ne5 13. Qg3 Nfxg4 14. g6 fxg6
15. Bxe7 Qxe7 16. Be2 Qg5+ 17. Kb1 Rf8 18. Rhg1 Nf2 19. Qxg5 hxg5 20. Rdf1 Nh3
21. Rxf8+ Kxf8 22. Rg3 Nf4 23. Rxg5 Ke7 24. Bd1 Bd7 25. Nf3 Nxf3 26. Bxf3 e5
27. Ne2 Kf6 28. Rg1 Rh8 29. Rh1 g5 30. Ng3 g4 31. Bd1 Kg5 32. Kc1 Nh5 33. Ne2
Nf6 34. Ng3 Bc6 35. c4 Bxe4 36. Nxe4+ Nxe4 37. Rg1 Nf2 38. Rg2 Nxd1 39. Kxd1
Kf4 40. Ke2 Rh3 41. b3 b5 42. Rf2+ Ke4 43. cxb5 axb5 44. Kd2 b4 45. Kc2 d5 46.
Re2+ Kd4 47. Rg2 Rh4 48. Rd2+ Kc5 49. Kb2 e4 50. a3 bxa3+ 51. Kxa3 d4 52. b4+
Kc4 53. Rc2+ Kd3 0-1

[Event "DVM 2008 U20"]
[Site "Arendsee"]
[Date "2008.12.29"]
[Round "5.2"]
[Board "2"]
[White "Bracker, Arne"]
[Black "Ratkovitch, Dimitri"]
[Result "1/2-1/2"]
[WhiteElo "2162"]
[BlackElo "2119"]
[WhiteTeam "Hamburger SK von 1830"]
[BlackTeam "SG Bochum 1931"]

1. d4 Nf6 2. c4 c5 3. d5 e5 4. Nc3 d6 5. e4 Be7 6. h3 Na6 7. Bd3 Nc7 8. Be3 a6
9. a4 b6 10. Nf3 O-O 11. g4 Nfe8 12. Qe2 Bd7 13. Ra2 Rb8 14. b3 Rb7 15. Kd2 Kh8
16. Kc2 g6 17. Nd2 Bg5 18. Nf1 Bxe3 19. Nxe3 Qh4 20. Ng2 Qe7 21. Ne3 Qh4 22.
Ng2 Qe7 23. Ne3 1/2-1/2

[Event "DVM 2008 U20"]
[Site "Arendsee"]
[Date "2008.12.29"]
[Round "5.1"]
[White "Nuber, Korbinian"]
[Black "Armbrust, Florian"]
[Result "1/2-1/2"]
[WhiteElo "2106"]
[BlackElo "2311"]
[PlyCount "34"]
[EventDate "2008.??.??"]
[WhiteTeam "SC Dillingen"]
[BlackTeam "TSV Schott Mainz"]

1. e4 c5 2. Nc3 Nc6 3. Bb5 Nd4 4. Bc4 e6 5. Nf3 Nf6 6. d3 d5 7. Bb3 Nxb3 8.
axb3 Be7 9. O-O O-O 10. Re1 b6 11. Bg5 Bb7 12. e5 Nd7 13. Bxe7 Qxe7 14. d4 a6
15. Qd2 Rae8 16. Rad1 Qd8 17. Re2 Qe7 1/2-1/2

[Event "DVM 2008 U20"]
[Site "Arendsee"]
[Date "2008.12.29"]
[Round "5.2"]
[White "Dann, Matthias"]
[Black "Billing, Christian"]
[Result "1/2-1/2"]
[WhiteElo "2259"]
[BlackElo "2214"]
[PlyCount "45"]
[EventDate "2008.??.??"]
[WhiteTeam "TSV Schott Mainz"]
[BlackTeam "SC Dillingen"]

1. e4 e5 2. Nf3 Nf6 3. Nxe5 d6 4. Nf3 Nxe4 5. d4 d5 6. Bd3 Bd6 7. O-O O-O 8. c4
c6 9. Qc2 Re8 10. Nc3 Nxc3 11. bxc3 h6 12. c5 Bc7 13. Bh7+ Kh8 14. Bf5 Nd7 15.
c4 Nf6 16. Bxc8 Qxc8 17. Bb2 dxc4 18. Rae1 Nd5 19. Rxe8+ Qxe8 20. Qxc4 Qd7 21.
Re1 Re8 22. Ne5 f6 23. Nf3 1/2-1/2

[Event "DVM 2008 U20"]
[Site "Arendsee"]
[Date "2008.12.29"]
[Round "5.3"]
[White "Nuber, Blasius"]
[Black "Endress, Anna"]
[Result "1/2-1/2"]
[WhiteElo "2073"]
[BlackElo "2044"]
[PlyCount "48"]
[EventDate "2008.??.??"]
[WhiteTeam "SC Dillingen"]
[BlackTeam "TSV Schott Mainz"]

1. Nf3 d5 2. g3 Nf6 3. Bg2 c5 4. d3 Nc6 5. Nbd2 e5 6. e4 g6 7. O-O Bg7 8. c3
O-O 9. Qc2 d4 10. Nc4 Qe7 11. cxd4 cxd4 12. b3 b5 13. Nb6 Nb4 14. Nxc8 Raxc8
15. Qd1 Nc2 16. Rb1 Nd7 17. Ne1 Qc5 18. Nxc2 Qxc2 19. Ba3 Rfd8 20. Bh3 Qxd1 21.
Rfxd1 Rc2 22. Be7 Re8 23. Bxd7 Rxe7 24. Bxb5 Rxa2 1/2-1/2

[Event "DVM 2008 U20"]
[Site "Arendsee"]
[Date "2008.12.29"]
[Round "5.4"]
[White "Katte, Nicolas"]
[Black "Nuber, Helene"]
[Result "0-1"]
[WhiteElo "1906"]
[BlackElo "2040"]
[PlyCount "44"]
[EventDate "2008.??.??"]
[WhiteTeam "TSV Schott Mainz"]
[BlackTeam "SC Dillingen"]

1. d4 e6 2. Nf3 Nf6 3. Bg5 Be7 4. e3 c5 5. c4 d5 6. Nc3 cxd4 7. Nxd4 O-O 8. Qb3
Nc6 9. Rd1 Qa5 10. Bxf6 Bxf6 11. cxd5 exd5 12. Qxd5 Qb4 13. Rd2 Bxd4 14. exd4
Rd8 15. Qe4 Nxd4 16. a3 Qc5 17. Nb5 Bf5 18. Qxd4 Rxd4 19. Nxd4 Rd8 20. Nb3 Qe5+
21. Re2 Qd5 22. Nd2 Bd3 0-1

[Event "DVM 2008 U20"]
[Site "Arendsee"]
[Date "2008.12.29"]
[Round "5.5"]
[White "Darr, Thomas"]
[Black "Welke, Vincent"]
[Result "1-0"]
[WhiteElo "1972"]
[BlackElo "1722"]
[PlyCount "47"]
[EventDate "2008.??.??"]
[WhiteTeam "SC Dillingen"]
[BlackTeam "TSV Schott Mainz"]

1. Nf3 Nf6 2. g3 g6 3. Bg2 Bg7 4. c4 d6 5. Nc3 O-O 6. d3 c5 7. O-O Nc6 8. Rb1
d5 9. cxd5 Nxd5 10. Qb3 Nc7 11. Bd2 e5 12. Na4 Ne6 13. Rfc1 Ncd4 14. Nxd4 cxd4
15. Bb4 Re8 16. Nc5 Qb6 17. Qa4 Qd8 18. Nxb7 Bxb7 19. Bxb7 a5 20. Bd2 Rb8 21.
Bg2 Bf8 22. Qxa5 Qd6 23. b4 Rec8 24. b5 1-0

[Event "DVM 2008 U20"]
[Site "Arendsee"]
[Date "2008.12.29"]
[Round "5.6"]
[White "Künitz, Michael"]
[Black "Schwarz, Andreas"]
[Result "1/2-1/2"]
[WhiteElo "1674"]
[BlackElo "1843"]
[PlyCount "72"]
[EventDate "2008.??.??"]
[WhiteTeam "TSV Schott Mainz"]
[BlackTeam "SC Dillingen"]

1. d4 d5 2. c4 e6 3. Nf3 Nf6 4. Nc3 Nbd7 5. e3 Be7 6. Bd3 O-O 7. O-O b6 8. b3
Bb7 9. Bb2 c5 10. Rc1 Rc8 11. Qe2 Re8 12. Rfd1 Qc7 13. h3 h6 14. Rc2 Qb8 15.
Rdc1 Red8 16. e4 cxd4 17. Nxd4 dxe4 18. Nxe4 Qa8 19. Nxf6+ Bxf6 20. Nf3 Bxb2
21. Rxb2 Nc5 22. Bb1 Rc7 23. Rd1 Rxd1+ 24. Qxd1 Rd7 25. Rd2 Qd8 26. Rxd7 Qxd7
27. Qxd7 Nxd7 28. Nd4 Kf8 29. f3 a5 30. Bc2 Ke7 31. Nb5 Bc6 32. Nd4 Kd6 33. Kf2
Ne5 34. Ke3 g5 35. Nxc6 Nxc6 36. a3 e5 1/2-1/2

[Event "DVM 2008 U20"]
[Site "Arendsee"]
[Date "2008.12.29"]
[Round "5.1"]
[White "Strache, Michael"]
[Black "Bäumler, Ilja"]
[Result "1/2-1/2"]
[WhiteElo "2202"]
[BlackElo "2192"]
[PlyCount "79"]
[EventDate "2008.??.??"]
[WhiteTeam "SV Sangerhausen"]
[BlackTeam "SK Nordhorn-Blanke"]

1. d4 Nf6 2. c4 g6 3. Nc3 Bg7 4. Nf3 d6 5. g3 O-O 6. Bg2 c6 7. O-O Qa5 8. h3 e5
9. e3 e4 10. Nd2 d5 11. f4 exf3 12. Rxf3 Be6 13. cxd5 Nxd5 14. Nce4 Nd7 15. Nb3
Qc7 16. Ng5 N5f6 17. Nxe6 fxe6 18. Qe2 e5 19. g4 Rae8 20. Bd2 Nd5 21. Rxf8+
Rxf8 22. Rf1 exd4 23. Rxf8+ Bxf8 24. exd4 Qd6 25. Bf3 Bg7 26. Qh2 Qxh2+ 27.
Kxh2 N7b6 28. Bc3 Na4 29. Bxd5+ cxd5 30. Na5 Bh6 31. Nxb7 Nxc3 32. bxc3 Bd2 33.
Nd8 Bxc3 34. Nc6 Kf7 35. Kg3 a5 36. Kf4 Kf6 37. Ke3 a4 38. Ne5 Ke6 39. Kd3 Bb2
40. Nf3 1/2-1/2

[Event "DVM 2008 U20"]
[Site "Arendsee"]
[Date "2008.12.29"]
[Round "5.2"]
[White "Baisakow, Alexander"]
[Black "Lieder, Konrad"]
[Result "1-0"]
[WhiteElo "2107"]
[BlackElo "2192"]
[PlyCount "105"]
[EventDate "2008.??.??"]
[WhiteTeam "SK Nordhorn-Blanke"]
[BlackTeam "SV Sangerhausen"]

1. e4 c6 2. Nf3 d5 3. exd5 cxd5 4. Ne5 Nc6 5. d4 g6 6. Bb5 Qb6 7. c4 f6 8. Nf3
e6 9. Nc3 Nge7 10. O-O Kf7 11. Re1 Bg7 12. Bf4 a6 13. c5 Qd8 14. Bd3 Bd7 15. h4
h6 16. a3 b5 17. cxb6 Qxb6 18. Na4 Qa7 19. Rc1 Rhc8 20. Bb1 Nxd4 21. Nxd4 e5
22. Rxc8 Rxc8 23. Be3 Bxa4 24. Qxa4 exd4 25. Bxd4 Qb7 26. Ba2 Qb5 27. Qxb5 axb5
28. b4 Rc2 29. Bb3 Rd2 30. Bc5 Nc6 31. a4 bxa4 32. Bxa4 Ne5 33. Rb1 Nd3 34. Be3
Rb2 35. Rxb2 Nxb2 36. Bc6 Ke6 37. b5 Kd6 38. Be8 Nc4 39. Ba7 Kc7 40. Bxg6 Nb6
41. Kh2 Kb7 42. Bxb6 Kxb6 43. Bd3 Kc5 44. Kg3 Kd4 45. Bf1 Ke4 46. Kg4 d4 47.
Kh5 d3 48. Kg6 d2 49. Be2 Bf8 50. b6 f5 51. b7 Bd6 52. Kxh6 f4 53. Kg6 1-0

[Event "DVM 2008 U20"]
[Site "Arendsee"]
[Date "2008.12.29"]
[Round "5.3"]
[White "Günther, Christian"]
[Black "Sanning, Nico"]
[Result "1-0"]
[WhiteElo "2110"]
[BlackElo "1957"]
[PlyCount "29"]
[EventDate "2008.??.??"]
[WhiteTeam "SV Sangerhausen"]
[BlackTeam "SK Nordhorn-Blanke"]

1. d4 Nf6 2. c4 e6 3. Nc3 b6 4. e4 d6 5. f4 Be7 6. Nf3 Bb7 7. Qc2 c5 8. d5 exd5
9. cxd5 O-O 10. Bc4 Re8 11. O-O a6 12. a4 Bf8 13. e5 Nfd7 14. Ng5 g6 15. e6 1-0

[Event "DVM 2008 U20"]
[Site "Arendsee"]
[Date "2008.12.29"]
[Round "5.4"]
[White "van Akkeren, Arno"]
[Black "Richter, Dustin"]
[Result "1-0"]
[WhiteElo "1864"]
[BlackElo "1927"]
[PlyCount "78"]
[EventDate "2008.??.??"]
[WhiteTeam "SK Nordhorn-Blanke"]
[BlackTeam "SV Sangerhausen"]

1. e4 c5 2. c3 Nf6 3. e5 Nd5 4. d4 cxd4 5. cxd4 e6 6. Nc3 Nxc3 7. bxc3 d6 8.
Nf3 Nc6 9. Bf4 Qa5 10. Qb3 d5 11. Bd3 Qa3 12. O-O Bd7 13. Qxb7 Rc8 14. Bb5 Rb8
15. Qa6 Qxc3 16. Rab1 Rb6 17. Bd2 Qa3 18. Qxa3 Bxa3 19. Bxc6 Bxc6 20. Rxb6 axb6
21. Rb1 b5 22. Rb3 Be7 23. a3 h6 24. Ne1 Kd7 25. Kf1 Ra8 26. Bb4 Bxb4 27. axb4
Ra2 28. Nd3 Rc2 29. Ra3 Kc7 30. Ra7+ Kb6 31. Rxf7 Rd2 32. Rf3 Be8 33. Ke1 Ra2
34. Nc1 Rb2 35. Nd3 Bh5 36. Nxb2 Bxf3 37. gxf3 Kc6 38. Nd3 Kd7 39. f4 Ke7 1-0

[Event "DVM 2008 U20"]
[Site "Arendsee"]
[Date "2008.12.29"]
[Round "5.5"]
[White "Wölfer, Jan"]
[Black "Kleinschmidt, Rene"]
[Result "1-0"]
[WhiteElo "1802"]
[BlackElo "1916"]
[PlyCount "75"]
[EventDate "2008.??.??"]
[WhiteTeam "SV Sangerhausen"]
[BlackTeam "SK Nordhorn-Blanke"]

1. e4 c5 2. Nf3 Nc6 3. Bb5 g6 4. Bxc6 bxc6 5. O-O Bg7 6. Nc3 Nf6 7. Re1 O-O 8.
h3 d6 9. d3 Nd7 10. Bg5 Rb8 11. Rb1 Ba6 12. Qd2 Ne5 13. Nh2 Nd7 14. Bh6 e5 15.
Bxg7 Kxg7 16. Ng4 Qh4 17. Ne3 f5 18. Nc4 Rf6 19. Qe2 Rbf8 20. b4 Bxc4 21. dxc4
cxb4 22. Rxb4 Nc5 23. f3 fxe4 24. Nxe4 Nxe4 25. Qxe4 Rf4 26. Rb7+ R8f7 27.
Rxf7+ Kxf7 28. Qe3 Rxc4 29. Qxa7+ Kf6 30. Re2 Rb4 31. Qd7 Rb1+ 32. Kh2 Qf4+ 33.
g3 Qd4 34. Qd8+ Ke6 35. Qe8+ Kf6 36. Qf8+ Kg5 37. h4+ Kh5 38. g4+ 1-0

[Event "DVM 2008 U20"]
[Site "Arendsee"]
[Date "2008.12.29"]
[Round "5.6"]
[White "Rickling, Renee"]
[Black "Ellemann, Stefan"]
[Result "1/2-1/2"]
[WhiteElo "1700"]
[BlackElo "1647"]
[PlyCount "76"]
[EventDate "2008.??.??"]
[WhiteTeam "SK Nordhorn-Blanke"]
[BlackTeam "SV Sangerhausen"]

1. d4 d5 2. Nf3 Nf6 3. e3 e6 4. Bd3 Be7 5. Nbd2 O-O 6. O-O Nbd7 7. Qe2 b6 8. e4
dxe4 9. Nxe4 Bb7 10. c3 c5 11. Rd1 Qc7 12. Bg5 Qc6 13. Nxf6+ Bxf6 14. Bxf6 Nxf6
15. dxc5 Qxc5 16. Qe5 Qe7 17. Ng5 Rac8 18. Ne4 Nxe4 19. Bxe4 Rc5 20. Qd4 Ba6
21. Bd3 Rd5 22. Qe4 Bxd3 23. Rxd3 Rxd3 24. Qxd3 Rd8 25. Qe2 Qd6 26. g3 Qd2 27.
Kf1 Kf8 28. a3 Qh6 29. Rd1 Rxd1+ 30. Qxd1 Ke7 31. Kg2 Qg5 32. Qf3 Qd5 33. Qxd5
exd5 34. Kf3 Kd6 35. Ke3 Ke5 36. f4+ Kf5 37. h3 h5 38. Kd4 Ke6 1/2-1/2

[Event "DVM 2008 U20"]
[Site "Arendsee"]
[Date "2008.12.29"]
[Round "5.1"]
[White "Schneider, David"]
[Black "Coenen, Michael"]
[Result "1-0"]
[WhiteElo "2218"]
[BlackElo "2268"]
[PlyCount "77"]
[EventDate "2008.??.??"]
[WhiteTeam "FSV Großenseebach"]
[BlackTeam "SG Porz"]

1. e4 Nc6 2. Nf3 d6 3. d4 Nf6 4. Nc3 Bg4 5. Be3 e5 6. d5 Nb8 7. Be2 Be7 8. Nd2
Bxe2 9. Qxe2 Qc8 10. h3 c6 11. g4 cxd5 12. exd5 O-O 13. f4 exf4 14. Bxf4 Re8
15. O-O-O Na6 16. g5 Nd7 17. Qh2 Qc7 18. Nde4 Qa5 19. Bxd6 Rac8 20. Bxe7 Rxe7
21. Rhe1 Re5 22. Qg3 Kh8 23. Nd6 Rxe1 24. Rxe1 Rf8 25. Re7 Nac5 26. Nxf7+ Kg8
27. Nh6+ Kh8 28. Nf7+ Kg8 29. g6 h6 30. Qe3 Qb4 31. a3 Qh4 32. b4 Nb6 33. bxc5
Nc4 34. Re4 Qf6 35. Rxc4 Qf1+ 36. Kb2 Qxc4 37. Qe6 Qxc5 38. Nxh6+ Kh8 39. Qg8+
1-0

[Event "DVM 2008 U20"]
[Site "Arendsee"]
[Date "2008.12.29"]
[Round "5.2"]
[White "Savchenko, Aleksij"]
[Black "Seyb, Alexander"]
[Result "1/2-1/2"]
[WhiteElo "2203"]
[BlackElo "2241"]
[PlyCount "27"]
[EventDate "2008.??.??"]
[WhiteTeam "SG Porz"]
[BlackTeam "FSV Großenseebach"]

1. d4 Nf6 2. Nf3 e6 3. e3 b6 4. b3 Bb7 5. Bb2 Be7 6. Bd3 O-O 7. O-O c5 8. c4 d5
9. cxd5 Qxd5 10. Nc3 Qh5 11. Be2 Qg6 12. Qb1 Qxb1 13. Raxb1 Nc6 14. Rfd1
1/2-1/2

[Event "DVM 2008 U20"]
[Site "Arendsee"]
[Date "2008.12.29"]
[Round "5.3"]
[White "Linsenmeyer, Mario"]
[Black "Kuznetsov, Mark"]
[Result "0-1"]
[WhiteElo "2101"]
[BlackElo "2022"]
[PlyCount "112"]
[EventDate "2008.??.??"]
[WhiteTeam "FSV Großenseebach"]
[BlackTeam "SG Porz"]

1. e4 e5 2. Nf3 Nc6 3. Bc4 Nf6 4. d3 Be7 5. O-O d6 6. c3 O-O 7. Bb3 Bg4 8. Re1
Na5 9. Bc2 c5 10. Nbd2 Qc7 11. Nf1 Nc6 12. h3 Be6 13. Qe2 Rfe8 14. Ng3 d5 15.
Bg5 d4 16. Ba4 Rab8 17. c4 a6 18. Bxc6 bxc6 19. Nf5 Bd8 20. Qd2 Nd7 21. Re2 f6
22. Bh4 Qa5 23. Qd1 Nb6 24. b3 Nc8 25. Bg3 Qc7 26. N3h4 Be7 27. Qd2 Nd6 28.
Rae1 Nf7 29. f4 a5 30. Nf3 a4 31. bxa4 Rb4 32. fxe5 fxe5 33. Nxe7+ Rxe7 34. Rf1
h6 35. Nh4 Bd7 36. Ref2 Be8 37. Qe2 Qd7 38. Rf5 Re6 39. Qg4 Qd6 40. Qf3 Ng5 41.
Rf8+ Kh7 42. Qd1 Rb2 43. R8f2 Rb4 44. Nf3 Nxf3+ 45. Rxf3 Bh5 46. a5 Bxf3 47.
Rxf3 Qb8 48. Kh2 Rb1 49. Qe2 Qb2 50. Qxb2 Rxb2 51. Rf2 Rb4 52. Rf5 Ra4 53. Bxe5
Rxa5 54. Bxd4 Rxa2 55. Rf2 Ra3 56. Bxc5 Rxd3 0-1

[Event "DVM 2008 U20"]
[Site "Arendsee"]
[Date "2008.12.29"]
[Round "5.4"]
[White "Senay, Baris"]
[Black "Kirch, Daniel"]
[Result "0-1"]
[WhiteElo "1865"]
[BlackElo "2081"]
[PlyCount "80"]
[EventDate "2008.??.??"]
[WhiteTeam "SG Porz"]
[BlackTeam "FSV Großenseebach"]

1. Nf3 Nf6 2. g3 d5 3. Bg2 c5 4. O-O Nc6 5. d4 e6 6. b3 Bd6 7. Bb2 O-O 8. e3
cxd4 9. exd4 b6 10. Nbd2 Ba6 11. Re1 Rc8 12. a3 Na5 13. Ne5 Qc7 14. Rc1 Qe7 15.
b4 Nc4 16. Ndxc4 dxc4 17. Nc6 Qd7 18. d5 Nxd5 19. Bxd5 exd5 20. Qd4 f6 21.
Qxd5+ Kh8 22. b5 Bxb5 23. Qxb5 Qxc6 24. Qxc6 Rxc6 25. Rcd1 Kg8 26. Re4 Kf7 27.
Red4 Ke6 28. Re1+ Kd7 29. a4 Re8 30. Red1 Kc7 31. Kf1 Re7 32. Bc1 Be5 33. Re4
Rd7 34. Rde1 Kb7 35. f4 Bc3 36. R1e3 Rd1+ 37. Kg2 Bb4 38. Bb2 Rd2+ 39. Re2 c3
40. Rxd2 cxd2 0-1

[Event "DVM 2008 U20"]
[Site "Arendsee"]
[Date "2008.12.29"]
[Round "5.5"]
[White "Kirch, Florian"]
[Black "Gadschisade, Machmud"]
[Result "0-1"]
[WhiteElo "2012"]
[BlackElo "1891"]
[PlyCount "66"]
[EventDate "2008.??.??"]
[WhiteTeam "FSV Großenseebach"]
[BlackTeam "SG Porz"]

1. d4 c5 2. d5 e5 3. c4 d6 4. Nc3 Nf6 5. e4 Be7 6. Bd3 Nbd7 7. Nge2 O-O 8. O-O
Ne8 9. f4 g6 10. Kh1 Ng7 11. Qc2 exf4 12. Nxf4 Ne5 13. Bd2 f5 14. Rae1 g5 15.
Nh3 f4 16. Ng1 Nh5 17. Be2 g4 18. Qc1 Bh4 19. Bxf4 Rxf4 20. Rxf4 Nxf4 21. Rf1
Nfg6 22. Nd1 Bd7 23. Qc3 Bg5 24. Ne3 Qe7 25. Nf5 Bxf5 26. exf5 Nf4 27. Bd1 Rf8
28. Qg3 Nh5 29. Qa3 Nxc4 30. Qb3 Nd2 31. Qd3 Nxf1 32. Qxf1 Nf6 33. Bb3 Ne4 0-1

[Event "DVM 2008 U20"]
[Site "Arendsee"]
[Date "2008.12.29"]
[Round "5.6"]
[White "Kanevski, Vladyslav"]
[Black "Quaschner, Tobias"]
[Result "1/2-1/2"]
[WhiteElo "1798"]
[BlackElo "1893"]
[PlyCount "98"]
[EventDate "2008.??.??"]
[WhiteTeam "SG Porz"]
[BlackTeam "FSV Großenseebach"]

1. d4 Nf6 2. Nf3 g6 3. Bf4 Bg7 4. e3 d6 5. h3 O-O 6. Bc4 b6 7. O-O Bb7 8. Nbd2
Nbd7 9. c3 h6 10. Qe2 c5 11. Rfe1 Rc8 12. Qd1 Qc7 13. Rc1 Qb8 14. Bh2 Qa8 15.
Qe2 Ne4 16. Nxe4 Bxe4 17. Bb3 a6 18. Bc2 Nf6 19. Bxe4 Nxe4 20. Qd3 c4 21. Qe2
b5 22. Nd2 e5 23. Rcd1 f5 24. dxe5 dxe5 25. Nxe4 Qxe4 26. Rd6 Rfd8 27. Rxg6 Rc6
28. Rxc6 Qxc6 29. Rd1 Rxd1+ 30. Qxd1 Qe4 31. Kf1 f4 32. exf4 exf4 33. f3 Qf5
34. Bg1 b4 35. cxb4 Bxb2 36. Qd8+ Qf8 37. Qxf8+ Kxf8 38. Ke2 Ke8 39. Kd1 Kd7
40. Kc2 Be5 41. Bf2 Kc6 42. a4 h5 43. Be1 Kd5 44. Bd2 Bc7 45. Bc3 Bd6 46. Kd2
Be7 47. Kc2 Bd6 48. Be1 Be5 49. Bf2 Kc6 1/2-1/2

[Event "DVM 2008 U20"]
[Site "Arendsee"]
[Date "2008.12.29"]
[Round "5.1"]
[White "Siebarth, Raiko"]
[Black "Luo, Xinping"]
[Result "1/2-1/2"]
[WhiteElo "2267"]
[BlackElo "1920"]
[PlyCount "84"]
[EventDate "2008.??.??"]
[WhiteTeam "SG Blau-Weiß Stadtilm"]
[BlackTeam "Heilbronner SV"]

1. e4 d5 2. Nc3 d4 3. Nce2 e5 4. Ng3 Be6 5. Nf3 Nd7 6. c3 c5 7. Bb5 f6 8. Qe2
Qb6 9. O-O Ne7 10. Ne1 O-O-O 11. Bxd7+ Rxd7 12. d3 dxc3 13. bxc3 Qa6 14. c4 Qd6
15. Rb1 Nc6 16. Be3 Qc7 17. Rb3 Nd4 18. Bxd4 exd4 19. f4 Bd6 20. Qf3 Qa5 21.
Rb2 g6 22. Re2 Rf7 23. Ref2 Bd7 24. Qe2 Re7 25. Qb2 Bb8 26. Nc2 Bc7 27. Na1 Bc6
28. Nb3 Qb4 29. Qb1 b6 30. Re2 a6 31. Qc1 Qa4 32. Rfe1 Kb8 33. Nf1 Ka7 34. g3
Rhe8 35. Kf2 Bb7 36. Nfd2 Qc6 37. Nf3 h5 38. h4 Bc8 39. Nbd2 Bg4 40. Nf1 Bc8
41. N1h2 Qd7 42. Rg1 f5 1/2-1/2

[Event "DVM 2008 U20"]
[Site "Arendsee"]
[Date "2008.12.29"]
[Round "5.2"]
[White "Geshnizjani, Ramin Tobias"]
[Black "Schneider, Christian"]
[Result "1/2-1/2"]
[WhiteElo "2041"]
[BlackElo "2088"]
[PlyCount "55"]
[EventDate "2008.??.??"]
[WhiteTeam "Heilbronner SV"]
[BlackTeam "SG Blau-Weiß Stadtilm"]

1. e4 c6 2. d4 d5 3. Nd2 dxe4 4. Nxe4 Nd7 5. Nf3 Ngf6 6. Nxf6+ Nxf6 7. Ne5 e6
8. Be2 Be7 9. O-O O-O 10. Bf3 Nd7 11. Bf4 Nxe5 12. Bxe5 Qb6 13. Re1 Rd8 14. Re3
f6 15. Be4 fxe5 16. Qh5 h6 17. dxe5 Qxb2 18. Rae1 Bg5 19. Rf3 Rf8 20. Qg6 Rxf3
21. Qh7+ Kf8 22. Bxf3 g6 23. Qh8+ Kf7 24. Be4 Qb4 25. Rd1 Qxe4 26. Qh7+ Kf8 27.
Qh8+ Kf7 28. Qh7+ 1/2-1/2

[Event "DVM 2008 U20"]
[Site "Arendsee"]
[Date "2008.12.29"]
[Round "5.3"]
[White "Wolff, Christoph"]
[Black "Häusinger, Benjamin"]
[Result "1/2-1/2"]
[WhiteElo "1718"]
[BlackElo "1976"]
[PlyCount "67"]
[EventDate "2008.??.??"]
[WhiteTeam "SG Blau-Weiß Stadtilm"]
[BlackTeam "Heilbronner SV"]

1. e4 c6 2. Nc3 d5 3. f4 dxe4 4. Nxe4 Nd7 5. Nf3 Ngf6 6. Nf2 e6 7. Qe2 Qc7 8.
g3 Bd6 9. Nd3 Nd5 10. b3 Nc5 11. Nxc5 Bxc5 12. Bb2 f6 13. Bg2 Qd6 14. a3 Bb6
15. d4 Ne7 16. c4 Bc7 17. O-O Ng6 18. Rfe1 Kf7 19. Rad1 Qe7 20. Rd3 Bxf4 21.
Qf2 Bh6 22. d5 cxd5 23. cxd5 Rd8 24. a4 Kg8 25. d6 Qe8 26. h4 Nf8 27. Qd4 e5
28. Qb4 a5 29. Qc3 Bf5 30. Qc4+ Be6 31. Qe4 Qd7 32. Nh2 Bf5 33. Qc4+ Be6 34.
Qe4 1/2-1/2

[Event "DVM 2008 U20"]
[Site "Arendsee"]
[Date "2008.12.29"]
[Round "5.4"]
[White "Weißbeck, Simon"]
[Black "Hoffmann, Lena"]
[Result "1-0"]
[WhiteElo "1847"]
[BlackElo "1635"]
[PlyCount "113"]
[EventDate "2008.??.??"]
[WhiteTeam "Heilbronner SV"]
[BlackTeam "SG Blau-Weiß Stadtilm"]

1. e4 c5 2. c3 Nf6 3. e5 Nd5 4. Nf3 e6 5. d4 cxd4 6. cxd4 b6 7. Bc4 Bb7 8. O-O
Be7 9. Bd2 O-O 10. Nc3 Nxc3 11. Bxc3 Qc7 12. Bb3 d6 13. d5 exd5 14. Bxd5 dxe5
15. Bxe5 Qd7 16. Bxb7 Qxb7 17. Rc1 Nc6 18. Qd5 Rac8 19. Rfd1 Rfd8 20. Qe4 Bc5
21. Ng5 g6 22. Nxh7 Qe7 23. Rxd8+ Nxd8 24. Nf6+ Kf8 25. Re1 Ne6 26. Qh4 Qb7 27.
Rd1 Rd8 28. Nd7+ Ke8 29. Qh8+ Nf8 30. Nf6+ Ke7 31. Ng8+ Ke8 32. Rxd8+ Kxd8 33.
Qf6+ Ke8 34. Qg5 Nh7 35. Nf6+ Nxf6 36. Bxf6 Qc6 37. g3 Bd6 38. Qd2 Kd7 39. Be5
Kc7 40. Qxd6+ Qxd6 41. Bxd6+ Kxd6 42. Kf1 Kd5 43. Ke2 Ke4 44. f3+ Kd4 45. h4 b5
46. Kd2 a5 47. g4 Ke5 48. Ke3 f5 49. f4+ Ke6 50. gxf5+ Kxf5 51. Kf3 a4 52. a3
Ke6 53. Ke4 Kf6 54. f5 gxf5+ 55. Kf4 Kg6 56. h5+ Kxh5 57. Kxf5 1-0

[Event "DVM 2008 U20"]
[Site "Arendsee"]
[Date "2008.12.29"]
[Round "5.5"]
[White "Kinzel, Tiffany"]
[Black "Schwarz, Felix"]
[Result "0-1"]
[WhiteElo "1684"]
[BlackElo "1759"]
[PlyCount "48"]
[EventDate "2008.??.??"]
[WhiteTeam "SG Blau-Weiß Stadtilm"]
[BlackTeam "Heilbronner SV"]

1. Nc3 d5 2. e4 c6 3. f4 dxe4 4. Nxe4 Nf6 5. Nf2 Qa5 6. Nf3 Nd5 7. Nd3 Bf5 8.
g3 Na6 9. c3 Rd8 10. Nfe5 f6 11. Nc4 Qc7 12. Qf3 b5 13. Ne3 Nxe3 14. Qxe3 Rd6
15. Nc5 Nxc5 16. Qxc5 Qd7 17. Bg2 Re6+ 18. Kf2 Be4 19. Bh3 Bxh1 20. Bxe6 Qxe6
21. Qxa7 Qe4 22. d4 Qf3+ 23. Ke1 Bg2 24. h4 Bf1 0-1

[Event "DVM 2008 U20"]
[Site "Arendsee"]
[Date "2008.12.29"]
[Round "5.6"]
[White "Wang, Julia"]
[Black "Schröter, Maik"]
[Result "1/2-1/2"]
[WhiteElo "1474"]
[BlackElo "1548"]
[PlyCount "46"]
[EventDate "2008.??.??"]
[WhiteTeam "Heilbronner SV"]
[BlackTeam "SG Blau-Weiß Stadtilm"]

1. e4 c5 2. Nc3 e6 3. Bc4 d6 4. a4 a6 5. d3 Nf6 6. f4 Be7 7. Nf3 O-O 8. O-O b6
9. Qe1 Bb7 10. e5 Ne8 11. f5 exf5 12. e6 d5 13. exf7+ Rxf7 14. Bb3 Kh8 15. Ng5
Rf6 16. Nxd5 Bxd5 17. Bxd5 Qxd5 18. Qxe7 Nc6 19. Qe1 Nd6 20. Kh1 Re8 21. Qf2
Nd4 22. c4 Qb7 23. Be3 Nc2 1/2-1/2

[Event "DVM 2008 U20"]
[Site "Arendsee"]
[Date "2008.12.29"]
[Round "5.1"]
[White "Aulich, Marcell"]
[Black "Eidner, Falk"]
[Result "0-1"]
[WhiteElo "2114"]
[BlackElo "1993"]
[PlyCount "41"]
[EventDate "2008.??.??"]
[WhiteTeam "SF Brackel 1930"]
[BlackTeam "USG Chemnitz"]

1. e4 e5 2. Nf3 Nc6 3. Bc4 Bc5 4. b4 Bxb4 5. c3 Ba5 6. d4 d6 7. O-O Bb6 8. dxe5
dxe5 9. Qb3 Qf6 10. Bg5 Qg6 11. Bb5 f6 12. Qc4 Nge7 13. Bh4 Qf7 14. Qe2 Be6 15.
Rd1 a6 16. Bd3 O-O 17. Nbd2 Nc8 18. h3 Nd6 19. g4 g5 20. Bg3 h5 21. Nh2 0-1

[Event "DVM 2008 U20"]
[Site "Arendsee"]
[Date "2008.12.29"]
[Round "5.2"]
[White "Schätz, Christopher"]
[Black "Heyden, Jonas"]
[Result "1/2-1/2"]
[WhiteElo "1888"]
[BlackElo "2027"]
[PlyCount "71"]
[EventDate "2008.??.??"]
[WhiteTeam "USG Chemnitz"]
[BlackTeam "SF Brackel 1930"]

1. e4 e5 2. Nf3 Nc6 3. Bb5 a6 4. Ba4 Nf6 5. O-O d6 6. d3 Bg4 7. c3 Be7 8. Re1
O-O 9. h3 Bh5 10. Nbd2 b5 11. Bb3 Na5 12. Bc2 c5 13. Nf1 Qc7 14. Ng3 Bg6 15.
Nh4 d5 16. Nhf5 Nc6 17. Qf3 d4 18. cxd4 Nxd4 19. Nxd4 cxd4 20. Bb3 Bb4 21. Rd1
Rac8 22. Bg5 Qb6 23. Bxf6 Qxf6 24. Qxf6 gxf6 25. Rac1 Rfd8 26. Bd5 Bd6 27. Bb7
Rxc1 28. Rxc1 a5 29. Bd5 Kf8 30. Kf1 Ke7 31. Ke2 Rd7 32. Rc8 Rc7 33. Nf5+ Kd7
34. Nxd6 Kxd6 35. Rxc7 Kxc7 36. g4 1/2-1/2

[Event "DVM 2008 U20"]
[Site "Arendsee"]
[Date "2008.12.29"]
[Round "5.3"]
[White "Zemella, Christian"]
[Black "Rosenblatt, Marcus"]
[Result "1/2-1/2"]
[WhiteElo "2016"]
[BlackElo "1936"]
[PlyCount "83"]
[EventDate "2008.??.??"]
[WhiteTeam "SF Brackel 1930"]
[BlackTeam "USG Chemnitz"]

1. e4 c5 2. Nf3 e6 3. d4 cxd4 4. Nxd4 a6 5. c4 Nf6 6. Nc3 Qc7 7. Be2 Be7 8. O-O
O-O 9. Be3 d6 10. f4 Nbd7 11. Rc1 Re8 12. g4 Nf8 13. g5 N6d7 14. f5 b6 15. Bh5
g6 16. f6 Bd8 17. Qf3 Kh8 18. Bg4 Ne5 19. Qh3 Nxg4 20. Qxg4 Nd7 21. Qh3 h5 22.
Rf4 e5 23. Nd5 Nxf6 24. Nxc7 Bxh3 25. Nxa8 exf4 26. Bxf4 Nxe4 27. Re1 f5 28.
gxf6 Bxf6 29. Nf3 Rxa8 30. Rxe4 Bxb2 31. Ng5 Bf5 32. Re7 Bd4+ 33. Kg2 Bf6 34.
Nf7+ Kg7 35. Rc7 Rc8 36. Ra7 Be4+ 37. Kf1 Bd3+ 38. Kg2 Be4+ 39. Kf1 Bd3+ 40.
Kg2 Kg8 41. Nh6+ Kh8 42. Nf7+ 1/2-1/2